Fast transforms : algorithms, analyses, applications /
Guardado en:
| Autor Principal: | |
|---|---|
| Otros Autores: | |
| Formato: | Libro |
| Idioma: | English |
| Publicado: |
Orlando :
Academic Press,
c1982.
|
| Materias: | |
| Acceso en línea: | Publisher description |
| Etiquetas: |
Agregar Etiqueta
Sin Etiquetas, Sea el primero en etiquetar este registro!
|
| LEADER | 01305cam a2200253 a 4500 | ||
|---|---|---|---|
| 001 | MAT.inmabb003079 | ||
| 008 | 810813s1982####flua#####b####001#0#eng## | ||
| 005 | 20130326184939.0 | ||
| 245 | 1 | 0 | |a Fast transforms : |b algorithms, analyses, applications / |c Douglas F. Elliott, K. Ramamohan Rao. |
| 260 | |a Orlando : |b Academic Press, |c c1982. | ||
| 300 | |a xxii, 488 p. : |b il. ; |c 24 cm. | ||
| 504 | |a Bbliografía: p. 454-482. | ||
| 505 | 8 | |a 1. Introduction -- 2. Fourier series and the Fourier transform -- 3. Discrete Fourier transforms -- 4. Fast Fourier transform algorithms -- 5. FFT algorithms that reduce multiplications -- 6. DFT filter shapes and shaping -- 7. Spectral analysis using the FFT -- 8. Walsh-Hadamard transforms -- 9. The generalized transform -- 10. Discrete orthogonal transforms -- 11. Number theoretic transforms. | |
| 510 | 4 | |a MR, |c 85e:94001 | |
| 020 | |a 0122370805 | ||
| 100 | 1 | |a Elliott, Douglas F. | |
| 700 | 1 | |a Rao, K. Ramamohan |q (Kamisetty Ramamohan) | |
| 650 | 0 | |a Fourier transformations |x Data processing. | |
| 650 | 0 | |a Computer algorithms. | |
| 084 | |a 94-01 (42A99 65J05 94A12) |2 msc2000 | ||
| 010 | |a 79008852 | ||
| 040 | |a DLC |c DLC |d DLC | ||
| 856 | 4 | 2 | |3 Publisher description |u http://www.loc.gov/catdir/description/els031/79008852.html |
| 859 | |h 94 |i El46 |p A-5967 |b BIB. MATEMATICA | ||
